000 00317nam a22001337a 4500
008 170922b xxu||||| |||| 00| 0 eng d
020 _a9780205341023
041 _aeng
080 _a37
100 _a46
101 _aEDU
245 _aAN INTRODUCTION TO MULTICULTURAL EDUCATION
_cBANKS.J.A
942 _2udc
_cBK
999 _c29048
_d29048